| 000 | 00724cam a2200253 4500500 | ||
|---|---|---|---|
| 005 | 20260405000246.0 | ||
| 041 | _afre | ||
| 042 | _adc | ||
| 100 | 1 | 0 |
_aLarmagnac-Matheron, Octave _eauthor |
| 245 | 0 | 0 | _aLa novlangue managériale, un formatage de la pensée |
| 260 | _c2023. | ||
| 500 | _a51 | ||
| 690 | _aAutorité | ||
| 690 | _aCommunication | ||
| 690 | _aEntreprise | ||
| 690 | _aEnvironnement de travail | ||
| 690 | _aManagement | ||
| 690 | _aSens | ||
| 690 | _aSoft skills | ||
| 690 | _aSouffrance au travail | ||
| 690 | _aValeurs | ||
| 786 | 0 | _nPhilonomist | - | 6 | 2023-05-02 | p. 17-23 | |
| 856 | 4 | 1 | _uhttps://shs.cairn.info/magazine-philonomist-2023-6-page-17?lang=fr&redirect-ssocas=7080 |
| 999 |
_c2035249 _d2035249 |
||